000
00249nam a22000857a 4500
008
160711b xxu||||| |||| 00| 0 eng d
100
_9
2563
_a
Bram, L.L., et al
245
_a
Funk & Wagnalls New Encyclopedia
260
_a
New York
_b
Funk & Wagnalls
_c
MCMLXXI
999
_c
2229
_d
2229